[Event "Universiad Men 26th"]
[Site "Shenzhen"]
[Date "2011.08.18"]
[Round "6"]
[White "Herath, Nishendra"]
[Black "Kawuma, Patrick"]
[Result "0-1"]
[WhiteElo "1975"]
[BlackElo "2167"]
[PlyCount "70"]
[EventDate "2011.08.15"]
[EventType "swiss"]
[EventRounds "9"]
[EventCountry "CHN"]
[SourceTitle "CBM 143 Extra"]
[Source "ChessBase"]
[SourceDate "2011.08.29"]
[SourceVersion "1"]
[SourceVersionDate "2011.08.29"]
[SourceQuality "1"]

1. d4 Nf6 2. Nf3 g6 3. Nc3 d5 4. Bf4 Bg7 5. e3 0-0 6. Be2 c5 7. Ne5 b6 8. Qd2 Bb7 9. 0-0-0 Nc6 10. h4 c4 11. h5 b5 12. hxg6 hxg6 13. Bf3 b4 14. Nb1 Qa5 15. Nxc6 Bxc6 16. a3 c3 17. bxc3 bxa3 18. c4 Qa6 19. Qc3 a2 20. Na3 dxc4 21. Kb2 Bxf3 22. gxf3 Rac8 23. e4 Nh5 24. Be3 Qf6 25. Rdg1 Nf4 26. Bxf4 Qxf4 27. Kxa2 Rfd8 28. Rg4 Qf6 29. e5 Qe6 30. Rgh4 Qd5 31. Re4 Rc6 32. Rb1 Ra6 33. Rb4 e6 34. Qxc4 Bf8 35. Qxd5 exd5 0-1

[Event "Wch U18"]
[Site "Vung Tau"]
[Date "2008.10.28"]
[Round "9"]
[White "Mitrovic, Boris"]
[Black "Herath, Nishendra"]
[Result "1-0"]
[WhiteElo "2146"]
[BlackElo "2012"]
[PlyCount "63"]
[EventDate "2008.10.20"]
[EventType "swiss"]
[EventRounds "11"]
[EventCountry "VIE"]
[SourceTitle "EXT 2009"]
[Source "ChessBase"]
[SourceDate "2008.11.26"]
[SourceVersion "1"]
[SourceVersionDate "2008.11.26"]
[SourceQuality "1"]

1. e4 e6 2. d4 d5 3. e5 c5 4. c3 Nc6 5. Nf3 Bd7 6. a3 f6 7. Bd3 Qc7 8. 0-0 c4 9. Bc2 0-0-0 10. Re1 fxe5 11. Nxe5 Nxe5 12. dxe5 Bc5 13. Be3 Ne7 14. Nd2 Rdf8 15. Nf3 Bxe3 16. Rxe3 Nf5 17. Bxf5 Rxf5 18. Qe2 Qd8 19. Nd4 Rff8 20. Rb1 Kb8 21. b3 cxb3 22. c4 Qa5 23. Rexb3 b6 24. Nb5 dxc4 25. Qxc4 Rc8 26. Qd3 Rhd8 27. Nd6 Ba4 28. R3b2 Rc3 29. Qd4 Qc5 30. Rxb6+ axb6 31. Rxb6+ Ka7 32. Rb7+ 1-0

[Event "Wch U18"]
[Site "Vung Tau"]
[Date "2008.10.20"]
[Round "1"]
[White "Tologontegin, Semetey"]
[Black "Herath, Nishendra"]
[Result "1/2-1/2"]
[WhiteElo "2359"]
[BlackElo "2012"]
[PlyCount "76"]
[EventDate "2008.10.20"]
[EventType "swiss"]
[EventRounds "11"]
[EventCountry "VIE"]
[SourceTitle "EXT 2009"]
[Source "ChessBase"]
[SourceDate "2008.11.26"]
[SourceVersion "1"]
[SourceVersionDate "2008.11.26"]
[SourceQuality "1"]

1. Nf3 Nf6 2. g3 d5 3. Bg2 Bf5 4. 0-0 e6 5. b3 Be7 6. Bb2 0-0 7. c4 c6 8. d3 h6 9. Nbd2 Nbd7 10. Re1 Bh7 11. Qc2 a5 12. Rad1 a4 13. Bc3 axb3 14. axb3 Qb6 15. Ra1 Bc5 16. e3 Bb4 17. Bf1 Rfd8 18. Qb2 Ne8 19. Rxa8 Rxa8 20. Ra1 Rxa1 21. Qxa1 Bxc3 22. Qxc3 Nc7 23. Ne5 Nxe5 24. Qxe5 Na6 25. e4 Qb4 26. Qf4 dxe4 27. dxe4 Qc3 28. Qd6 Qb4 29. Qd8+ Qf8 30. Qd4 Qc5 31. Qd8+ Qf8 32. Qd7 Nc5 33. Qd4 Na6 34. h4 Qe7 35. f3 f6 36. Kf2 Qc5 37. Qxc5 Nxc5 38. Ke3 Kf7 1/2-1/2

[Event "Asia-chT 15th"]
[Site "Vishakapatnam"]
[Date "2008.01.04"]
[Round "2"]
[White "Herath, Nishendra"]
[Black "Gupta, Abhijeet"]
[Result "0-1"]
[WhiteElo "1996"]
[BlackElo "2495"]
[PlyCount "58"]
[EventDate "2008.01.03"]
[EventType "team-tourn"]
[EventRounds "7"]
[EventCountry "IND"]
[SourceTitle "EXT 2020"]
[Source "ChessBase"]
[SourceDate "2019.10.17"]
[SourceVersion "1"]
[SourceVersionDate "2019.10.17"]
[SourceQuality "1"]
[WhiteTeam "Sri Lanka"]
[BlackTeam "India"]
[WhiteTeamCountry "SRI"]
[BlackTeamCountry "IND"]

1. d4 Nf6 2. Nf3 g6 3. Nc3 d5 4. Bf4 Bg7 5. e3 0-0 6. Be2 c5 7. Qd2 Nc6 8. Ne5 cxd4 9. exd4 Bf5 10. Nxc6 bxc6 11. Bd3 Bxd3 12. Qxd3 Qb6 13. 0-0-0 Nd7 14. Rhe1 Rfe8 15. Qh3 Qb7 16. Be5 Nxe5 17. dxe5 e6 18. Qe3 Rec8 19. Na4 c5 20. Nxc5 Qc7 21. b4 a5 22. a3 Bf8 23. Rd3 axb4 24. axb4 Ra4 25. c3 Bxc5 26. Qxc5 Qb7 27. Qe3 Qxb4 28. Kd1 Qb3+ 29. Ke2 Re4 0-1

[Event "Commonwealth-ch"]
[Site "New Delhi"]
[Date "2007.12.09"]
[Round "9"]
[White "Herath, Nishendra"]
[Black "Akshat, Aggarwal"]
[Result "1-0"]
[WhiteElo "1980"]
[BlackElo "1847"]
[PlyCount "55"]
[EventDate "2007.12.03"]
[EventType "swiss"]
[EventRounds "10"]
[EventCountry "IND"]
[SourceTitle "CBM 121 Extra"]
[Source "ChessBase"]
[SourceDate "2008.01.10"]
[SourceVersion "1"]
[SourceVersionDate "2008.01.10"]
[SourceQuality "1"]

1. d4 g6 2. Nf3 Bg7 3. e4 d6 4. Nc3 c6 5. Be3 Nf6 6. Qd2 Bg4 7. Be2 Nbd7 8. h3 Bxf3 9. Bxf3 0-0 10. Bh6 e5 11. Bxg7 Kxg7 12. h4 h5 13. 0-0-0 b5 14. Ne2 a5 15. Rdg1 b4 16. g4 hxg4 17. Bxg4 Nxe4 18. Qe3 Nef6 19. Bf3 Nd5 20. Qd2 Qf6 21. Bxd5 cxd5 22. f4 e4 23. f5 Qxf5 24. Rg5 Qf3 25. Ng3 Rh8 26. Rf1 e3 27. Qd3 Qg2 28. Nf5+ 1-0

[Event "Commonwealth-ch"]
[Site "New Delhi"]
[Date "2007.12.04"]
[Round "3"]
[White "Herath, Nishendra"]
[Black "Galappaththi, Chinthaka Anuruddh"]
[Result "0-1"]
[WhiteElo "1980"]
[BlackElo "2167"]
[PlyCount "120"]
[EventDate "2007.12.03"]
[EventType "swiss"]
[EventRounds "10"]
[EventCountry "IND"]
[SourceTitle "CBM 121 Extra"]
[Source "ChessBase"]
[SourceDate "2008.01.10"]
[SourceVersion "1"]
[SourceVersionDate "2008.01.10"]
[SourceQuality "1"]

1. d4 g6 2. Nf3 Bg7 3. e4 d6 4. Be3 c5 5. Nc3 Nf6 6. dxc5 Qa5 7. Qd2 dxc5 8. 0-0-0 0-0 9. Bh6 Nc6 10. Bxg7 Kxg7 11. Bc4 Bg4 12. e5 Nh5 13. Qe3 Bxf3 14. gxf3 Nd4 15. Rhg1 b5 16. Bd5 Rad8 17. Rg5 Kh8 18. e6 fxe6 19. Qe5+ Ng7 20. Be4 b4 21. Nb1 Ndf5 22. Rdg1 Rd7 23. h4 Qc7 24. Qxc7 Rxc7 25. Nd2 c4 26. Nf1 b3 27. a3 bxc2 28. Kxc2 Rb8 29. Ne3 a5 30. Rd1 Kg8 31. h5 Nxh5 32. Nxf5 exf5 33. Bxf5 c3 34. b3 Nf4 35. Be4 a4 36. b4 Nh3 37. Rgd5 Nxf2 38. R1d4 Kf7 39. Rc5 Rbc8 40. Ra5 h5 41. Rxa4 h4 42. Ra6 h3 43. Bxg6+ Kg7 44. Bf5 h2 45. Rh4 h1Q 46. Rxh1 Nxh1 47. Bxc8 Rxc8 48. b5 Kf7 49. b6 Ng3 50. b7 Rb8 51. Rb6 Nf5 52. a4 Ne3+ 53. Kc1 Rd8 54. Kb1 c2+ 55. Kb2 Nc4+ 56. Kxc2 Nxb6 57. a5 Nd5 58. Kb3 Nc7 59. Kc4 Na6 60. Kb5 Rd6 0-1

[Event "Commonwealth-ch"]
[Site "New Delhi"]
[Date "2007.12.03"]
[Round "1"]
[White "Herath, Nishendra"]
[Black "Ashwath, R."]
[Result "0-1"]
[WhiteElo "1980"]
[BlackElo "2374"]
[PlyCount "58"]
[EventDate "2007.12.03"]
[EventType "swiss"]
[EventRounds "10"]
[EventCountry "IND"]
[SourceTitle "CBM 121 Extra"]
[Source "ChessBase"]
[SourceDate "2008.01.10"]
[SourceVersion "1"]
[SourceVersionDate "2008.01.10"]
[SourceQuality "1"]

1. d4 Nf6 2. Nf3 e6 3. Bf4 c5 4. e3 Nc6 5. c3 Be7 6. h3 b6 7. Bd3 Bb7 8. Nbd2 d6 9. Qe2 0-0 10. 0-0 a6 11. a4 Re8 12. e4 cxd4 13. cxd4 Nb4 14. Bb1 Rc8 15. Ra3 a5 16. Qd1 Nd7 17. Rc3 Nc6 18. Nc4 Ba6 19. Re1 Bxc4 20. Rxc4 e5 21. Be3 Nxd4 22. Nxd4 Rxc4 23. Nf5 Nf6 24. Bd3 Rb4 25. b3 d5 26. Bb5 Rxb5 27. axb5 Nxe4 28. Qg4 g6 29. f3 h5 0-1

[Event "Wch U18"]
[Site "Kemer"]
[Date "2007.11.26"]
[Round "9"]
[White "Wijesinghe, DG."]
[Black "Herath, Nishendra"]
[Result "1/2-1/2"]
[WhiteElo "2139"]
[BlackElo "1980"]
[PlyCount "63"]
[EventDate "2007.11.18"]
[EventType "swiss"]
[EventRounds "11"]
[EventCountry "TUR"]
[SourceTitle "CBM 121 Extra"]
[Source "ChessBase"]
[SourceDate "2008.01.10"]
[SourceVersion "1"]
[SourceVersionDate "2008.01.10"]
[SourceQuality "1"]

1. e4 e6 2. d4 d5 3. Nd2 Nf6 4. e5 Nfd7 5. Bd3 c5 6. c3 Nc6 7. Ne2 cxd4 8. cxd4 f6 9. exf6 Nxf6 10. Nf3 Bd6 11. 0-0 0-0 12. Bf4 Bxf4 13. Nxf4 Ne4 14. Ne2 Rxf3 15. gxf3 Ng5 16. Kh1 e5 17. dxe5 Nxf3 18. Bxh7+ Kh8 19. Ng1 Ncd4 20. Nxf3 Bg4 21. Nxd4 Bxd1 22. Raxd1 Kxh7 23. f4 Qb6 24. f5 Qxb2 25. Rd3 Rc8 26. f6 Rc1 27. Rh3+ Kg6 28. Rg3+ Kh5 29. Rh3+ Kg4 30. Rg3+ Kh5 31. Rh3+ Kg4 32. Rg3+ 1/2-1/2

[Event "Wch U18"]
[Site "Kemer"]
[Date "2007.11.19"]
[Round "2"]
[White "Herath, Nishendra"]
[Black "Rakhmanov, Alexander"]
[Result "0-1"]
[WhiteElo "1980"]
[BlackElo "2510"]
[PlyCount "39"]
[EventDate "2007.11.18"]
[EventType "swiss"]
[EventRounds "11"]
[EventCountry "TUR"]
[SourceTitle "CBM 121 Extra"]
[Source "ChessBase"]
[SourceDate "2008.01.10"]
[SourceVersion "1"]
[SourceVersionDate "2008.01.10"]
[SourceQuality "1"]

1. d4 Nf6 2. Nf3 g6 3. Nc3 d5 4. Bf4 Bg7 5. e3 0-0 6. Be2 c6 7. Qd2 Nbd7 8. Ne5 Ne8 9. e4 Nxe5 10. Bxe5 f6 11. Bg3 Be6 12. h4 Bf7 13. h5 Nd6 14. e5 Nf5 15. hxg6 hxg6 16. Bf4 g5 17. Bd3 e6 18. Be3 c5 19. f4 cxd4 20. Bxd4 0-1

[Event "Wch U18"]
[Site "Kemer"]
[Date "2007.11.18"]
[Round "1"]
[White "Caspi, Israel"]
[Black "Herath, Nishendra"]
[Result "1-0"]
[WhiteElo "2377"]
[BlackElo "1980"]
[PlyCount "81"]
[EventDate "2007.11.18"]
[EventType "swiss"]
[EventRounds "11"]
[EventCountry "TUR"]
[SourceTitle "CBM 121 Extra"]
[Source "ChessBase"]
[SourceDate "2008.01.10"]
[SourceVersion "1"]
[SourceVersionDate "2008.01.10"]
[SourceQuality "1"]

1. d4 d5 2. Nf3 Nf6 3. c4 e6 4. g3 Be7 5. Bg2 0-0 6. 0-0 Nbd7 7. Qc2 b6 8. cxd5 exd5 9. Rd1 Bb7 10. Nc3 a6 11. Bf4 c5 12. dxc5 bxc5 13. Ne5 Nb6 14. a4 a5 15. Qb3 c4 16. Nxc4 dxc4 17. Qb5 Qc8 18. Qxb6 Bxg2 19. Kxg2 Re8 20. Rac1 Bb4 21. Qb5 Bxc3 22. Rxc3 Rxe2 23. Rxc4 Qe8 24. Rd2 Re1 25. Qxe8+ Rexe8 26. Kf3 h6 27. Rd6 Rab8 28. Rd2 Rb3+ 29. Kg2 Rb7 30. Bc7 Rc8 31. Rd8+ Rxd8 32. Bxd8 Nd5 33. Rc5 Nb4 34. Bxa5 Nd3 35. Rb5 Re7 36. Bc3 Ra7 37. a5 Kh7 38. Kf3 Re7 39. a6 g5 40. Rb7 Re6 41. a7 1-0